| 000 | 00349nam a22001577a 4500 | ||
|---|---|---|---|
| 999 |
_c163869 _d163869 |
||
| 005 | 20190502152157.0 | ||
| 010 | _aA-978623 | ||
| 020 | _a817520012 | ||
| 035 | _aA-978623. | ||
| 037 | _bBluebird Books | ||
| 100 | _aMukherjee Indira | ||
| 245 | _aTell Me Answer | ||
| 260 |
_aDehi _c000-Muk |
||
| 300 |
_a93p _b24cm(hbk) |
||
| 942 |
_2ddc _cCH _mMUK |
||